000 00489 a2200169 4500
999 _c309
_d309
020 _a9781779221872
050 0 0 _aPR9390.9 MLA 2012
100 1 _aMlalazi, Christopher
245 1 0 _aRunning with mother /
_cChristopher Mlalazi
_bauthor
264 _aHarare:
_bWeaver Press,
_c2012
300 _av, 142 p.:
500 _aIncludes bib
650 0 _aSchoolgirls
650 0 _aAtrocities
942 _2lcc
_cBK
_h9390.9
_iMLA
_kPR